000 00728nam a22001817a 4500
005 20231221151233.0
010 _aHIN-126597
020 _a9788189198831
_c495.00
035 _aHN-98943
037 _bDBAD/PUB
082 _a363.7288
_b1
100 _aबागड़ी, रामकृष्ण
_960130
245 _aकचरा प्रबंधन/
_cरामकृष्ण बागड़ी
260 _a नई दिल्ली
_bहरबंस लाल एंड संस
_c2022
270 _aडी-38 निहाल विहार
_b नई दिल्ली
_e110041
300 _a160पृष्ठ;
_c22 cm(अजिल्द)
942 _cHN
_2ddc
_h363.7288
_mबागड़ी
999 _c199762
_d199762